Geography Quiz

Random Geography or World Quiz

9-Letter Countries Per Letter Quiz Stats

 Plays Quiz Updated Jul 2, 2018

Challenge
Share
Tweet
Embed
Score 0/10 Timer 03:00
7 Plays Today
Letter 9-Letter Countries % Correct
AArgentina, Australia
85.9%
VVenezuela
85.6%
IIndonesia
79.9%
LLithuania
73.8%
MMacedonia, Mauritius
69%
GGuatemala
67.4%
NNicaragua
62.4%
SSan Marino, Singapore
60.6%
CCosta Rica, Cabo Verde
51.5%
PPalestine
32.7%

You're not logged in!

Compare scores with friends on all Sporcle quizzes.
Join for Free
OR
Log In

You Might Also Like...

Show Comments

Extras

Top Quizzes Today


Score Distribution

Your Account Isn't Verified!

In order to create a playlist on Sporcle, you need to verify the email address you used during registration. Go to your Sporcle Settings to finish the process.

Report this User

Report this user for behavior that violates our Community Guidelines.

Details: